000 01299nam a2200253 i 4500
001 163047
003 ES-MaACL
005 20250807063221.0
008 931025s1831 sp |||| | spa d
110 2 _96318
_aReal Academia de Medicina de Madrid
_eisb
245 1 0 _aReglamento general para el régimen literario e interior de las reales academias de medicina y cirugía del Reino, formado por la Real Junta Superior Gubernativa de estas dos partes de la ciencia de curar, y aprobado por S. M.
260 _aMadrid :
_b[Real Academia de Medicina],
_c1831
_f(Imp. Real)
300 _a104 páginas ;
_c22 cm
530 _aDisponible en formato digital
650 7 _aMedicina-
_zEspaña-
_yS.XIX
_2
_9147760
650 4 _aCirugía-
_zEspaña-
_yS.XIX
_9241604
852 _aES-MaACL
_cSPP3
_jG-9618(2)
_xHolandesa
856 _uhttps://patrimoniodigital.ucm.es/s/patrimonio/item/607761
_yVersión en línea
_z(Patrimonio Digital Complutense)
856 _uhttps://patrimoniodigital.ucm.es/s/patrimonio/item/607762
_yVersión en línea
_z(Patrimonio Digital Complutense)
856 _uhttps://patrimoniodigital.ucm.es/s/patrimonio/item/607763
_yVersión en línea
_z(Patrimonio Digital Complutense)
942 _2udc
_cMONANT
_n0
999 _c163047
_d163047